Gestión de personas: manual para la gestión del capital humano en las organizaciones

Uloženo v:
Podrobná bibliografie
Hlavní autor: Porret Gelabert, Miquel (Autor)
Médium: Kniha
Jazyk:španělština
Vydáno: Madrid ESIC 2010
Vydání:4a. ed
Témata:
Tagy: Přidat tag
Žádné tagy, Buďte první, kdo vytvoří štítek k tomuto záznamu!

MARC

LEADER 00000cam a2200000 a 4500
001 UCG9986
003 CL-VaPUC
005 20241121103227.0
008 120420e20100400SP |||||||||||||||||spa|d
999 |c 347510  |d 347508 
020 |a 9788473566933 
040 |c Pontificia Universidad Católica de Valparaíso 
082 0 4 |a 658.3  |b POR  |2 21 
100 0 |a Porret Gelabert, Miquel  |e author  |9 561774 
245 1 0 |a Gestión de personas: manual para la gestión del capital humano en las organizaciones 
250 |a 4a. ed 
260 |a Madrid  |b ESIC  |c 2010 
300 |a 605 p 
583 |a last modification  |c 20120420 11:58:00  |k Rodrigo Vera 
650 0 |a Gestión de recursos humanos   |9 879947 
650 0 |a Conducta colectiva  |9 892935  |x Organizaciones 
650 0 |a Liderazgo  |9 271835 
650 0 |a Selección de personal  |9 307100 
650 0 |a Formación ocupacional  |9 893898 
942 |c BK  |2 ddc 
945 |d 20120420 00:00:00  |a dcastane 
952 |0 0  |1 0  |4 0  |6 658_300000000000000_POR_2010  |7 0  |8 R  |9 448911  |a BIBENE  |b BIBENE  |d 2019-11-22  |i 4857755  |l 4  |m 1  |o 658.3 POR 2010  |p 4857755  |r 2025-01-15  |s 2022-11-14  |w 2019-11-22  |y BK_R  |k ICO